Statistics for The Office Characters by Screen Time

Click here to take the quiz!

General Stats

  • This quiz has been taken 396 times
  • The average score is 17 of 20

Answer Stats

MinutesCharacter% Correct
1,068Jim Halpert
100%
912Pam Beesly
100%
1,121Dwight Schrute
99%
1,561Michael Scott
99%
431Angela Martin
94%
430Stanley Hudson
91%
472Kevin Malone
90%
421Oscar Martinez
90%
697Andy Bernard
89%
298Ryan Howard
88%
318Creed Bratton
85%
480Phyllis Vance
85%
225Kelly Kapoor
84%
179Toby Flenderson
82%
108Jan Levinson
81%
323Meredith Palmer
79%
350Erin Hannon
76%
283Darryl Philbin
67%
102Gabe Lewis
52%
112Nellie Bertram
36%

Score Distribution

Percentile by Number Answered

Percent of People with Each Score

Your Score History

You have not taken this quiz